MTG Tarkir - Statistics

General Stats
  • This quiz has been taken 77 times
  • The average score is 8 of 10
Answer Stats
Hint Answer % Correct
RWB Mardu
90%
WBG Abzan
89%
GUR Temur
89%
URW Jeskai
86%
BGU Sultai
86%
GW Dromoka
84%
RG Atarka
81%
UB Silumgar
81%
WU Ojutai
77%
BR Kolaghan
71%
No matching quizzes found
Score Distribution
Percent of People with Each Score
Percentile by Number Answered
Your Score History
You have not taken this quiz